|
|
|
|
| LEADER |
00646cam a2200193 7i4500 |
| 001 |
0000059770 |
| 005 |
20080804090000.0 |
| 008 |
080804s2007 njua eng |
| 020 |
# |
# |
|a 0470069783
|
| 020 |
# |
# |
|a 9780470069783
|
| 090 |
0 |
0 |
|a QC 454 .M6
|b M3 2007
|
| 100 |
1 |
# |
|a Mason, W. Roy
|
| 245 |
1 |
2 |
|a A practical guide to magnetic circular dichroism spectroscopy
|c W. Roy Mason.
|
| 260 |
# |
# |
|a Hoboken, N.J.:
|b Wiley-Interscience,
|c c2007..
|
| 300 |
# |
# |
|a xii, 223 p.:
|b ill.;
|c 25 cm..
|
| 650 |
0 |
0 |
|a Molecular spectra
|
| 650 |
0 |
0 |
|a Magnetic circular dichroism
|
| 650 |
0 |
0 |
|a Molecular spectroscopy
|
| 999 |
|
|
|a 1100054839
|b Book
|c Open Shelf
|e KOLEKSI TERBUKA
|